Záhadné hlavolamy

Uložené v:
Podrobná bibliografia
Hlavný autor: Goga, Marián
Médium: Kniha
Jazyk:Slovak
Vydavateľské údaje: Bratislava DAXE 2020
Vydanie:1. vydanie
Predmet:
Tagy: Pridať tag
Žiadne tagy, Buďte prvý, kto otaguje tento záznam!

MARC

LEADER 00000nam a2200000 4500
001 0266865
005 20240502074208.0
020 |a 978-80-89429-83-7 
041 0 |a slo 
044 |a SK 
245 1 0 |a Záhadné hlavolamy  |c Marián Goga 
250 |a 1. vydanie 
264 1 |a Bratislava  |b DAXE  |c 2020 
300 |a [251 s.][12,55 AH] 
610 2 0 |a matematika 
610 2 0 |a logika 
610 2 0 |a vedomosti 
610 2 0 |a hry logistické 
610 2 0 |a kreativita 
610 2 0 |a logika matematická 
610 2 0 |a čas voľný 
100 1 |a Goga, Marián